000 00458nam a2200181Ia 4500
005 20240604032808.0
008 240331s9999 xx 000 0 und d
020 _a9552100674
082 _bGOO
_a346
100 _aGoonesekera, Savitri
245 0 _aSri Lanka law on parent and child
250 _a1 st
260 _aColombo
_bM.D. Gunasena & Co. LTD.
_c1987
300 _aXliv, 509 p .,
650 _aFamily Law
650 _aLegal History
942 _cL
999 _c2843
_d2843